00351 2200145 4500001002100000005001500021035002000036245003100056100002100087300001600108260003500124082001000159084001600169990002000185INLIS00000000000094320240306074351 a0010-03240000411 aKumpulan Dongeng Si Kancil0 aMB. Rahimsyah AR a128 :bilus aSurabaya :bBintang Usaha Jaya a398.2 a398.2 MB. k a3198/BBTIV/2022